01838cam a22004454a 4500952014700000999001700147001000900164003000400173005001700177008004100194010001700235020001800252020001500270025002700285035002400312035002100336037006300357040002100420042002100441043001200462050002300474082002600497100002400523245010800547246001900655260004300674300003500717500002000752504004900772505016600821520012600987600002401113650003501137651003601172700002401208700004701232700001801279906004501297942005001342 00102ddc40708SOCIAL SCIENCEaMESbMEScSOCIAL SCIENCEd2019-02-20l0o303.440954 BAV/Up35511r2019-02-20 00:00:00w2019-02-20yBKzGL50R3 c21417d2141716183499OSt20200616105502.0100115s2010 ii a b 011 0 eng d a 2010319636 a9788125038450 a8125038450 aI-E-2010-319636; 69-91 a(OCoLC)ocn502268469 a(OCoLC)502268469 aLibrary of Congress -- New Delhi Overseas OfficecRs695.00 aDKAGEbengcoclc alccopycatalcode aa-ii---00aHN683.5b.U54 201004a303.440954222bBAV/U 92953aBaviskar, B S00aUnderstanding Indian society :bpast and present : essays for A.M. Shah /c B.S. Baviskar ; Tulsi Patel30aIndian society aNew Delhi :bOrient Blackswan,cc2010. aviii, 378 p. :bill. ;c23 cm. aIncludes index. a"Publications of A.M. Shah": (p. [364]-370).0 apt. 1. Gender issues -- pt. 2. Sociology of religion : belief, perceptions and practices -- pt. 3. Development and modernisation -- pt. 4. Disciplinary concerns. aContributed articles on social change and religion aspects honoring Arvindbhai Manilal Shah, b. 1931, Indian sociologist.10aShah, A. M.,d1931- 0aReligion and sociologyzIndia. 0aIndiaxSocial conditionsy1947-1 aShah, A. M.,d1931-1 aBaviskar, B. S.q(Baburao Shravan),d1931-1 aPatel, Tulsi. a7bcbcccopycatd3encipf20gy-gencatlg 2ddccBKh303.440954iBAV/Uk303.440954mBAV/U